| 000 | 00420nam a22001337a 4500 | ||
|---|---|---|---|
| 020 | _a9789693520125 | ||
| 040 | _cNUST | ||
| 082 | _a891.51 NAF | ||
| 100 |
_aNafees Iqbal, Dr. _996820 |
||
| 245 |
_aUrdu Shairi Main Tasawwuf: _bMir, Sauda aur Dard kay Ahad Main |
||
| 260 |
_aLahore: _bSang-e-Meel Publications, _c2007. |
||
| 650 |
_aMir, Sauda aur Dard kay Ahad Main: Urdu Shairi Main Tasawwuf _996821 |
||
| 942 |
_2ddc _cBK |
||
| 999 |
_c590887 _d590887 |
||